zpět

Detail výsledku týmu

Bowling bar, Bechyně

Datum a čas kvízu

35 Celkem bodů Celkový počet nahraných bodů na tomto kvízu bez doplňovacích otázek.
2. Pořadí na kvízu Konečné umístění týmu na tomto kvízu.

Zaznamenané odpovědi

# Otázka Odpověď Body Výsledky
1. V pátek se dostala do prodeje... vlky 0
2. Jak se jmenuje politik, který... James Cameron 0
3. Drony na Havaji zachytily neob... barví se do růžova 1
4. Který maloobchodní řetězec půs... Billa 1
5. Jeden bývalý český fotbalista... Petr Čech 1
6. Na začátek tématu a otázky si... třetím 1
7. Rozlohou třetí největší africk... Malawi 0
8. Novinář Tomáš Poláček se před... 1D 2B 3A 4C 1
9. Jak se jmenuje město na úpatí... Kapské město (Cape Town) 1
10. Afrika se trhá, od zbytku se o... C 1